| 000 | 00510cam a2200193ua 4500 | ||
|---|---|---|---|
| 001 | 3057 | ||
| 005 | 20260515113627.0 | ||
| 008 | 110926n ii |||gr||||Z||||||eng | ||
| 040 | _cMAIN | ||
| 082 | _a920 | ||
| 100 | 1 | _aSingh, Ritu, | |
| 245 | 1 | 1 |
_aPresident Pratibha Patil : _b india`s first woman president / _cby Ritu Singh |
| 250 | _a1st. | ||
| 260 |
_aDelhi: _bRajpal & sons, _c2007. |
||
| 300 |
_a111p: _c23cm. |
||
| 653 | _aBiography | ||
| 653 | _aBiography of President Pratibha Patil | ||
| 942 | _cBK | ||
| 999 |
_c2902 _d2902 |
||